American Foreign Policy and Process / (Record no. 760979)
[ view plain ]
| 000 -LEADER | |
|---|---|
| fixed length control field | 01854cam a22002058i 4500 |
| 020 ## - INTERNATIONAL STANDARD BOOK NUMBER | |
| ISBN | 9781009278577 |
| 020 ## - INTERNATIONAL STANDARD BOOK NUMBER | |
| ISBN | 9781009278546 |
| 082 00 - DEWEY DECIMAL CLASSIFICATION NUMBER | |
| Classification number | R 327.73 McC/A |
| Edition number | 23/eng/20230503 |
| 100 1# - MAIN ENTRY--AUTHOR NAME | |
| Personal name | McCormick, James M., |
| Relator term | author. |
| 245 10 - TITLE STATEMENT | |
| Title | American Foreign Policy and Process / |
| Statement of responsibility, etc | by James M. McCormick, Iowa State University. |
| 250 ## - EDITION STATEMENT | |
| Edition statement | Seventh edition. |
| 260 ## - PUBLICATION, DISTRIBUTION, ETC. (IMPRINT) | |
| Place of publication | . - UK |
| Name of publisher | : Cambridge University Press |
| Year of publication | , 2024 |
| 300 ## - PHYSICAL DESCRIPTION | |
| Number of Pages | xxi+712 pages |
| 504 ## - BIBLIOGRAPHY, ETC. NOTE | |
| Bibliography, etc | Includes bibliographical references and index. |
| 505 0# - FORMATTED CONTENTS NOTE | |
| Formatted contents note | America's Traditions in Foreign Policy -- America's Global Involvement and the Emergence of the Cold War -- After the Missile Crisis and the Vietnam War : Realism and Liberalism in Foreign Policy -- The Return and End of the Cold War : The Reagan and Bush Administrations -- Foreign Policy after the Cold War and 9/11 : The Clinton and Bush Administrations -- Changing Foreign Policy Directions : The Obama and Trump Administrations -- A Foreign Policy of Restoration? The Biden Administration -- The President and the Making of Foreign Policy -- Congressional Prerogatives and the Making of Foreign Policy -- The Diplomatic and Economic Bureaucracies : Duplication or Specialization? -- The Military and Intelligence Bureaucracies : Pervasive or Accountable? -- Political Parties, Bipartisanship, and Interest Groups -- The Media, Public Opinion, and the Foreign Policy Process -- American Foreign Policy Values and the Future. |
| 520 ## - SUMMARY, ETC. | |
| Summary, etc | "A comprehensive analysis of the values and beliefs that have shaped American foreign policy, exploring how they have evolved over time. The author provides comparison of the changing policy making approaches of administrations from Nixon through Biden in this new edition"-- |
| 650 #0 - SUBJECT ADDED ENTRY--TOPICAL TERM | |
| Topical Term | Political culture |
| Geographic subdivision | United States. |
| 942 ## - ADDED ENTRY ELEMENTS (KOHA) | |
| Source of classification or shelving scheme | Dewey Decimal Classification |
| Koha item type | Reference |
| Withdrawn status | Lost status | Source of classification or shelving scheme | Damaged status | Not for loan | Home Library | Current Location | Shelving location | Date acquired | Full call number | Accession Number | Price effective from | Koha item type |
|---|---|---|---|---|---|---|---|---|---|---|---|---|
| Dewey Decimal Classification | Dept. of Political Science | Dept. of Political Science | Reference | 27/01/2026 | R 327.73 McC/A | POL23885 | 24/06/2026 | Reference |
